=LDR 00000nam 2200000 4500 =001 INLIS000000000031986 =005 20200826022719 =035 ##$$a 0010-061300000031986 =008 200826################g##########0#ind## =041 ##$$a ind =082 ##$$a 2X5.2 =090 ##$$a 2x5.2, Bah m =100 ##$$a Bahri, Media Zainul =245 1#$$a Menembus tirai kesendiriannya : $b Mengurai maqamat dan ahwal dalam tradisi sufi /$c Media Zainul Bahri, MA =260 ##$$a Jakarta :$b Prenada,$c 2005. =300 ##$$a 176 hlm. ; $c 21 X 14 cm. =650 #4$$a Islam-Tasawuf =850 ##$$a NBPNMAT =020 ##$$a 979-3464-26-7 =084 ##$$a 2X5.2 BAH m =250 ##$$a cet.1 =504 ##$$a Bibliografi :hlm.171-176 =520 ##$$a Biografi =990 ##$$a 2100120 =990 ##$$a 20610800 =990 ##$$a 20610803